01573nam a2200325 a 4500001001000000003000900010005001700019008004100036040002500077082001900102100003800121245011200159260003800271300002800309500007400337504003100411590002700442650003200469650003200501650003200533650005800565650003500623910003800658942001400696952011600710952012200826952013100948952015301079999001501232000006721DO-SdBNP20251209121908.0090902s1998 dr a 000 0 spa d aDO-SdBNPbspacBNPHU a320.014bP849h1 aPortes Bautista, Francisco91870610aHerramientas y técnicas de persuasión política y campañas electorales /cFrancisco Portes Bautista. aSanto Domingo :bEducando,c1998. a310 p. :bil. ;c22 cm. aIncluye referencias bibliográficas y notas al pie de las páginas. aBibliografía: p.297-310. aInventariado, 2019/MFF 0aCampaña electoral 946157 4aPropaganda electoral918708 4aPublicidad política96359 4aPolítica y medios de comunicación de masas918709 4aPsicología política918710 aValidado. Control de calidad EMS. 2ddccLBS1 0010718PDaPDbPDcHDd2009-09-02iLF1l0o320.014 P849hp6721-10r2020-06-25w2020-06-25yLFPDZNo se presta 0011718PDaPDbPDcMId2011-02-14iLF1l0o320.014 P849hp6721-20r2020-06-25te. 2w2020-06-25yLFPDZNo se presta 001154708DSaPDbPDcMId2011-02-17iLF1l0o320.014 P849hp6721-40r2020-06-25te. 4w2020-06-25yLFDSZPréstamo en sala 001154708DSaPDbPDcMId2011-02-14eExtraviado, 2019/MFFiLF1l0o320.014 P849hp6721-30r2020-06-25te. 3w2020-06-25yLFDSZPréstamo en sala c6510d6510